01669nam a2200313   4500003000900000005001700009008004100026040004600067082002700113092000700140099003500147100005600182245020200238264006600440300007800506336002200584337002400606338003300630504006100663546009600724650006100820651001000881856005700891905001300948942001900961999001700980952017900997952017901176EG-GICUC20260121101217.0251113s1996    ua ||||fr|||| 00| 0 ara d  a EG-GICUCbarac EG-GICUCd EG-GICUCerda04221a341.84bع ن . ا04221  aLaw1 12	341.84	ع ن . ا 19960 aعنايت عبدالحميد ثابتeمؤلف.10aاحكام المرافعات المقررة فى القانون المصرى :bفيما يتعلق بالمنازعات ذات الطابع الدولى /cعنايت عبدالحميد ثابت. 1aالقاهرة :bدار النهضة العربية،c1996.  a342 ؛صفحةc24 سمbإيضاحيات، صور، مثيليات ؛   2rda contentatext  2rda mediaaComputer  2rda carrieraOnline Resource  aيحتوي على ارجاعات ببليوجرافية
  aالنص أغلبه باللغة العربية مع بعض النصوص الفرنسية1 aتنازع القوانين.xقانون دولي2qrmak1 2qrmak40uhttps://fll.law.cu.edu.eg/fulltext/bks/B12-01247.pdf  a75eYara  2ddcn0cBKe21  c43030d43030  00102ddc40718القانون الدولي الخاصaCUbLAW1d2025-11-13l0oLaw1 12	341.84	ع ن . ا 1996 1201247	C1pB12-01247r2025-11-13 12:14:32t1w2025-11-13yBK  00102ddc40708القانون الدولي الخاصaCUbLAW1d2025-11-16l0oLaw1 12	341.84	ع ن . ا 1996 1201094	C2pB12-01094r2025-11-16 14:53:47t2w2025-11-16yBK